The Hytopadesá

Uloženo v:
Podrobná bibliografie
Hlavní autor: Nãrãyana
Médium: Kniha
Jazyk:Undetermined
Vydáno: New Delhi, India Penguin Books 1998
Témata:
Tagy: Přidat tag
Žádné tagy, Buďte první, kdo otaguje tento záznam!
Thư viện lưu trữ: Trung tâm Học liệu Trường Đại học Cần Thơ
LEADER 00524nam a2200181Ia 4500
001 CTU_34018
008 210402s9999 xx 000 0 und d
082 |a 891.2 
082 |b N218 
100 |a Nãrãyana 
245 4 |a The Hytopadesá 
245 0 |c Nãrãyana, Aditrya Narayan Dhairyasheel Haksar 
260 |a New Delhi, India 
260 |b Penguin Books 
260 |c 1998 
650 |a folk literature, indic,indic literature 
904 |i Minh, 991118 
980 |a Trung tâm Học liệu Trường Đại học Cần Thơ